000 00756nam a2200253Ia 4500
003 OSt
005 20220925194221.0
006 a|||||r|||| 00| 0
007 ta
008 220923b |||||||| |||| 00| 0 eng d
020 _a06740111732
_c1134.53
037 _b2846, 11/03/2005, TBS
_cGeneral Book
040 _aRTL
_cRTL
_beng
041 _2eng
_aeng
082 _aV247.N9, P3
100 _aBose Sumantra
245 0 _aKashmir
_bRoots of conflict paths to peace
260 _aCambridge
_bHarvard University Press
_c2003
300 _a307p
_ccm.
500 _aGlossary P 291-298
650 _aHistory Kashmir
_9250648
942 _hV247.N9, P3
_cGB
_2CC
999 _c528658
_d528658